[Event "CP-2012-P-00006"]
[Site "LSS email"]
[Date "2012.10.01"]
[Round "?"]
[White "Albesa, Lautaro"]
[Black "Zlotkowski, Arkadiusz"]
[Result "0-1"]
[WhiteElo "1163"]
[BlackElo "2220"]
[PlyCount "48"]
[EventDate "2012.10.05"]
[EventType "tourn (corr)"]
[EventRounds "6"]
[EventCountry "GER"]
[SourceTitle "Telechess CBM 161"]
[Source "ChessBase"]
[SourceDate "2014.07.16"]
[SourceVersion "1"]
[SourceVersionDate "2014.07.16"]
[SourceQuality "1"]

1. e4 c6 2. d4 d5 3. e5 Bf5 4. Nc3 e6 5. g4 Bg6 6. Nge2 c5 7. h4 h5 8. Nf4 Bh7 9. Nxh5 cxd4 10. Nb5 Nc6 11. Nxd4 Nxe5 12. Bb5+ Nd7 13. Qe2 a6 14. Bxd7+ Kxd7 15. Bf4 Nf6 16. Nxf6+ gxf6 17. 0-0-0 Rc8 18. Rh3 Qa5 19. Kb1 Qa4 20. Rb3 b5 21. Be3 Qc4 22. Rbd3 Bxd3 23. cxd3 Qc7 24. h5 Rg8 0-1

[Event "SE-2012-0-00109"]
[Site "LSS email"]
[Date "2012.06.05"]
[Round "?"]
[White "Albesa, Lautaro"]
[Black "Grimm, Wolfgang"]
[Result "0-1"]
[WhiteElo "1162"]
[BlackElo "1200"]
[PlyCount "49"]
[EventDate "2012.04.18"]
[EventType "tourn (corr)"]
[EventRounds "6"]
[EventCountry "GER"]
[SourceTitle "Telechess CBM 159"]
[Source "ChessBase"]
[SourceDate "2014.03.17"]
[SourceVersion "1"]
[SourceVersionDate "2014.03.17"]
[SourceQuality "1"]

1. d4 d5 2. c4 Nc6 3. Nf3 Nf6 4. Nc3 e6 5. Bg5 Be7 6. e3 0-0 7. Bd3 h6 8. Bxf6 Bxf6 9. 0-0 Nb4 10. Be2 Nc6 11. Rc1 Re8 12. h3 b6 13. cxd5 exd5 14. Bb5 Re6 15. Ne2 Na5 16. Nf4 Re7 17. b4 a6 18. Ba4 b5 19. bxa5 bxa4 20. Rc5 Rd7 21. Qxa4 Be7 22. Rc3 Bd6 23. Rb1 Bxf4 24. Qc6 Ra7 25. exf4 0-1

[Event "SE-2012-0-00109"]
[Site "LSS email"]
[Date "2012.06.05"]
[Round "?"]
[White "Morau, Jose Roberto"]
[Black "Albesa, Lautaro"]
[Result "1-0"]
[WhiteElo "1220"]
[BlackElo "1162"]
[PlyCount "70"]
[EventDate "2012.04.18"]
[EventType "tourn (corr)"]
[EventRounds "6"]
[EventCountry "GER"]
[SourceTitle "Telechess CBM 159"]
[Source "ChessBase"]
[SourceDate "2014.03.17"]
[SourceVersion "1"]
[SourceVersionDate "2014.03.17"]
[SourceQuality "1"]

1. e4 e5 2. Nf3 Nf6 3. Nxe5 d6 4. Nc4 Nxe4 5. Qe2 Qe7 6. Ne3 c6 7. d4 g6 8. Nc4 Bg7 9. Nc3 d5 10. Nxe4 0-0 11. Ned2 Qxe2+ 12. Bxe2 dxc4 13. Bxc4 Re8+ 14. Be2 Bf5 15. c3 Bd3 16. Kf1 Rxe2 17. Nf3 Rxb2+ 18. Ke1 Re2+ 19. Kd1 Rxf2 20. Rg1 c5 21. dxc5 Bc2+ 22. Ke1 Rxf3 23. gxf3 Bxc3+ 24. Kf1 Bxa1 25. Bh6 Bd4 26. Ke2 Bxg1 27. h3 Nc6 28. Kd2 Bf5 29. h4 Bxc5 30. a4 Re8 31. Bf4 Bb4+ 32. Kc1 Re1+ 33. Kb2 Nd4 34. Bg3 Re2+ 35. Kc1 Ba3+ 1-0

[Event "SE-2012-0-00109"]
[Site "LSS email"]
[Date "2012.06.05"]
[Round "?"]
[White "Razo, Ryan Jose"]
[Black "Albesa, Lautaro"]
[Result "1-0"]
[WhiteElo "1297"]
[BlackElo "1162"]
[PlyCount "55"]
[EventDate "2012.04.18"]
[EventType "tourn (corr)"]
[EventRounds "6"]
[EventCountry "GER"]
[SourceTitle "Telechess CBM 159"]
[Source "ChessBase"]
[SourceDate "2014.03.17"]
[SourceVersion "1"]
[SourceVersionDate "2014.03.17"]
[SourceQuality "1"]

1. c4 e5 2. Nc3 Nc6 3. g3 f5 4. Bg2 Nf6 5. e3 g6 6. Nge2 Bg7 7. d3 0-0 8. 0-0 d6 9. Rb1 a5 10. b3 g5 11. f4 h6 12. Bb2 Re8 13. Qd2 Kh7 14. Rbd1 exf4 15. exf4 Ng4 16. Nd5 Bxb2 17. Qxb2 Nb4 18. fxg5 hxg5 19. h3 Nxd5 20. hxg4 Ne3 21. gxf5 Nxd1 22. Rxd1 Qe7 23. Be4 Qe5 24. Qxe5 dxe5 25. Nc3 Rh8 26. Kg2 Kg7 27. Nd5 c6 28. Nb6 1-0

[Event "OP-2012-0-01983"]
[Site "LSS email"]
[Date "2012.01.04"]
[Round "?"]
[White "Albesa, Lautaro"]
[Black "Janousek, Ladislav"]
[Result "1-0"]
[WhiteElo "1159"]
[BlackElo "1309"]
[PlyCount "23"]
[EventDate "2012.01.01"]
[EventType "tourn (corr)"]
[EventRounds "4"]
[EventCountry "GER"]
[SourceTitle "Corr 2015"]
[Source "ChessBase"]
[SourceDate "2015.07.17"]
[SourceVersion "1"]
[SourceVersionDate "2015.07.17"]
[SourceQuality "1"]

1. e4 c5 2. Nf3 Nc6 3. d4 cxd4 4. Nxd4 Nxd4 5. Qxd4 Qc7 6. Nc3 e5 7. Nd5 Qd6 8. Qc3 Kd8 9. Be3 h6 10. Qa5+ b6 11. Bxb6+ Ke8 12. Bc5 1-0

[Event "ZN-2011-0-01741"]
[Site "LSS email"]
[Date "2011.10.28"]
[Round "?"]
[White "Albesa, Lautaro"]
[Black "Lauer, Fredric"]
[Result "1-0"]
[WhiteElo "1126"]
[BlackElo "1031"]
[PlyCount "61"]
[EventDate "2011.10.24"]
[EventType "match (corr)"]
[EventRounds "2"]
[EventCountry "GER"]
[SourceTitle "Telechess CBM 157"]
[Source "ChessBase"]
[SourceDate "2013.11.12"]
[SourceVersion "1"]
[SourceVersionDate "2013.11.12"]
[SourceQuality "1"]

1. e4 c5 2. Nf3 e6 3. d4 cxd4 4. Nxd4 Nf6 5. Nc3 Qb6 6. e5 Bc5 7. Be3 Nd5 8. Nxd5 exd5 9. Nb5 Bxe3 10. fxe3 Qxe3+ 11. Qe2 Qxe2+ 12. Bxe2 Na6 13. Nd6+ Ke7 14. Rf1 Rf8 15. Nf5+ Kd8 16. Nxg7 Nb4 17. 0-0-0 Nxa2+ 18. Kb1 Nb4 19. c3 Nc6 20. Rxd5 Kc7 21. Nh5 Ne7 22. Rc5+ Kd8 23. Nf6 b6 24. Rc4 Ba6 25. Re4 Bxe2 26. Rxe2 Ng6 27. Rd2 Nxe5 28. Re1 d6 29. Rxe5 Kc7 30. Re7+ Kc6 31. Nd5 1-0

[Event "SF-2011-0-00115"]
[Site "LSS email"]
[Date "2011.10.19"]
[Round "?"]
[White "Slavin, Pablo"]
[Black "Albesa, Lautaro"]
[Result "0-1"]
[WhiteElo "1220"]
[BlackElo "1127"]
[PlyCount "84"]
[EventDate "2011.09.13"]
[EventType "tourn (corr)"]
[EventRounds "6"]
[EventCountry "GER"]
[SourceTitle "Telechess CBM 157"]
[Source "ChessBase"]
[SourceDate "2013.11.12"]
[SourceVersion "1"]
[SourceVersionDate "2013.11.12"]
[SourceQuality "1"]

1. e4 c6 2. d4 d5 3. Nc3 dxe4 4. Nxe4 Nd7 5. Nf3 Ngf6 6. Ng3 e6 7. Bd3 c5 8. 0-0 cxd4 9. Nxd4 Bc5 10. Nb3 Bb6 11. Bg5 h6 12. Bd2 0-0 13. Re1 Bc7 14. Qf3 Ne5 15. Qe2 Nxd3 16. Qxd3 Qxd3 17. cxd3 Rd8 18. d4 b6 19. Be3 Nd5 20. Ne4 Bb7 21. Nc3 Rac8 22. Nxd5 Bxd5 23. Nc1 Bd6 24. Nd3 Rc2 25. a3 Bc4 26. Ne5 Ba6 27. b3 f6 28. Nf3 Rdc8 29. b4 Kf7 30. Rec1 R8c3 31. Rxc2 Rxc2 32. Ne1 Rc3 33. Bd2 Rb3 34. Bc1 Bb7 35. Nc2 e5 36. Be3 Be4 37. Ne1 g5 38. g3 Ke6 39. dxe5 Bxe5 40. Rd1 Rxa3 41. Bd4 Rb3 42. Bxe5 fxe5 0-1

[Event "CP-2010-P-00025"]
[Site "LSS email"]
[Date "2010.09.28"]
[Round "?"]
[White "Albesa, Lautaro"]
[Black "Loginov, Pavel"]
[Result "0-1"]
[WhiteElo "1001"]
[BlackElo "1558"]
[PlyCount "26"]
[EventDate "2010.10.01"]
[EventType "tourn (corr)"]
[EventRounds "6"]
[EventCountry "GER"]
[SourceTitle "Corr 2015"]
[Source "ChessBase"]
[SourceDate "2015.07.17"]
[SourceVersion "1"]
[SourceVersionDate "2015.07.17"]
[SourceQuality "1"]

1. e4 c5 2. Nf3 d6 3. d4 cxd4 4. Nxd4 Nf6 5. Nc3 g6 6. Be3 Bg7 7. f3 a6 8. Qd2 Nbd7 9. g4 b5 10. g5 Nh5 11. a4 bxa4 12. Rxa4 0-0 13. Be2 Nc5 0-1

[Event "OP-2010-0-01201"]
[Site "LSS email"]
[Date "2010.07.07"]
[Round "?"]
[White "Albesa, Lautaro"]
[Black "Andersson, Soren O"]
[Result "0-1"]
[WhiteElo "998"]
[BlackElo "1993"]
[PlyCount "66"]
[EventDate "2010.07.03"]
[EventType "tourn (corr)"]
[EventRounds "4"]
[EventCountry "GER"]
[SourceTitle "Telechess CBM 143"]
[Source "ChessBase"]
[SourceDate "2011.07.15"]
[SourceVersion "1"]
[SourceVersionDate "2011.07.15"]
[SourceQuality "1"]

1. e4 e6 2. d4 d5 3. e5 c5 4. c3 Nc6 5. Nf3 Qb6 6. a3 f6 7. Bd3 fxe5 8. dxe5 c4 9. Bc2 Nge7 10. 0-0 g6 11. Qe2 Bg7 12. Nbd2 Qc5 13. b4 cxb3 14. Nxb3 Qxc3 15. Bb2 Qc4 16. Qxc4 dxc4 17. Nbd2 b5 18. a4 c3 19. Bxc3 b4 20. Bb2 0-0 21. Rfd1 Na5 22. Be4 Nec6 23. Rab1 Rb8 24. Bd3 Rd8 25. Ne4 Rb7 26. Bb5 Rxd1+ 27. Rxd1 Rd7 28. Nd6 Rd8 29. Kf1 h6 30. Ke2 g5 31. h3 Bd7 32. Ne4 Kf7 33. Nf6 Bc8 0-1

[Event "OP-2010-0-01201"]
[Site "LSS email"]
[Date "2010.07.07"]
[Round "?"]
[White "Albesa, Lautaro"]
[Black "Neumann, Ulrich"]
[Result "1-0"]
[WhiteElo "983"]
[BlackElo "1502"]
[PlyCount "65"]
[EventDate "2010.07.03"]
[EventType "tourn (corr)"]
[EventRounds "4"]
[EventCountry "GER"]
[SourceTitle "Telechess CBM 143"]
[Source "ChessBase"]
[SourceDate "2011.07.15"]
[SourceVersion "1"]
[SourceVersionDate "2011.07.15"]
[SourceQuality "1"]

1. e4 e5 2. Nf3 f5 3. exf5 e4 4. Nd4 Nf6 5. g4 h6 6. d3 Bc5 7. dxe4 Nxe4 8. Bg2 d5 9. Nc3 Nxc3 10. bxc3 Qe7+ 11. Be3 c6 12. 0-0 0-0 13. Re1 h5 14. h3 hxg4 15. hxg4 Na6 16. c4 Bb4 17. Bd2 Qd6 18. c3 Bc5 19. cxd5 Bxd4 20. cxd4 Bd7 21. Qf3 Rae8 22. Reb1 Qf6 23. Rxb7 Bc8 24. dxc6 Bxb7 25. cxb7 Rd8 26. Qb3+ Qf7 27. Qa4 Qf6 28. Qc4+ Kh8 29. Bc3 Qb6 30. Re1 Rfe8 31. Re6 Rxe6 32. fxe6 Qb1+ 33. Kh2 1-0

[Event "LSS BI-2010-P-00032"]
[Site "LSS email"]
[Date "2010.04.19"]
[Round "?"]
[White "Albesa, Lautaro"]
[Black "Tanti, Joseph G"]
[Result "0-1"]
[WhiteElo "967"]
[BlackElo "1698"]
[PlyCount "88"]
[EventDate "2010.04.22"]
[EventType "tourn (corr)"]
[EventRounds "10"]
[EventCountry "GER"]
[SourceTitle "Telechess CBM 141"]
[Source "ChessBase"]
[SourceDate "2011.03.17"]
[SourceVersion "1"]
[SourceVersionDate "2011.03.17"]
[SourceQuality "1"]

1. e4 e5 2. Nf3 Nc6 3. Bb5 a6 4. Ba4 Nf6 5. 0-0 Be7 6. Re1 b5 7. Bb3 0-0 8. c3 d5 9. exd5 Nxd5 10. Nxe5 Nxe5 11. Rxe5 Nf6 12. d4 Bd6 13. Re2 Bb7 14. Nd2 Qd7 15. Bc2 Rfe8 16. f3 c5 17. Ne4 Nxe4 18. fxe4 cxd4 19. cxd4 Rad8 20. Qe1 Bb8 21. d5 Qc7 22. g4 Qe5 23. Be3 Qxb2 24. a4 Qe5 25. axb5 axb5 26. Ra5 Bd6 27. Rf2 Bc8 28. Qe2 b4 29. Bd3 Qc3 30. Ra7 Rd7 31. Bd2 Qb3 32. Ra5 Rb7 33. h3 f6 34. Kg2 Bd7 35. Ra6 Bc5 36. d6 Kh8 37. Rf1 Qe6 38. Bc4 Qxe4+ 39. Qxe4 Rxe4 40. Bd5 Re2+ 41. Kf3 Rb8 42. Kxe2 Bb5+ 43. Kf3 Bxa6 44. Rc1 Bxd6 0-1

[Event "LSS BI-2010-P-00032"]
[Site "LSS email"]
[Date "2010.04.19"]
[Round "?"]
[White "Kasabasic, Djordje"]
[Black "Albesa, Lautaro"]
[Result "1-0"]
[WhiteElo "1829"]
[BlackElo "963"]
[PlyCount "95"]
[EventDate "2010.04.22"]
[EventType "tourn (corr)"]
[EventRounds "10"]
[EventCountry "GER"]
[SourceTitle "Telechess CBM 141"]
[Source "ChessBase"]
[SourceDate "2011.03.17"]
[SourceVersion "1"]
[SourceVersionDate "2011.03.17"]
[SourceQuality "1"]

1. e4 c5 2. Nf3 d6 3. d4 cxd4 4. Nxd4 Nf6 5. Nc3 g6 6. Be3 Bg7 7. f3 Nc6 8. Bc4 Bd7 9. Qd2 0-0 10. 0-0-0 Rc8 11. Bb3 Ne5 12. Kb1 Re8 13. h4 h5 14. Bh6 Qa5 15. g4 Nc4 16. Bxc4 Rxc4 17. Bxg7 Kxg7 18. Nb3 Qa6 19. e5 dxe5 20. g5 Bf5 21. gxf6+ exf6 22. Qe3 Rec8 23. Rh2 Rf4 24. Nd2 Qb6 25. Qxb6 axb6 26. a3 Rd8 27. Kc1 Rc8 28. Re1 b5 29. Nce4 Ra8 30. Ng3 b4 31. Nxf5+ Rxf5 32. Re3 bxa3 33. bxa3 Rf4 34. Rb3 f5 35. Kb2 Raa4 36. c4 Ra7 37. Rb4 Rd4 38. a4 e4 39. fxe4 fxe4 40. Nb3 Rd1 41. Nc5 f5 42. Rg2 Kh7 43. Rb6 Rh1 44. Rgxg6 Rxh4 45. Rh6+ Kg8 46. Rbg6+ Kf7 47. Rf6+ Ke7 48. Rxf5 1-0

[Event "LSS BI-2010-P-00032"]
[Site "LSS email"]
[Date "2010.04.19"]
[Round "?"]
[White "Molano Lafuente, Ismael"]
[Black "Albesa, Lautaro"]
[Result "0-1"]
[WhiteElo "1305"]
[BlackElo "910"]
[PlyCount "48"]
[EventDate "2010.04.22"]
[EventType "tourn (corr)"]
[EventRounds "10"]
[EventCountry "GER"]
[SourceTitle "Telechess CBM 141"]
[Source "ChessBase"]
[SourceDate "2011.03.17"]
[SourceVersion "1"]
[SourceVersionDate "2011.03.17"]
[SourceQuality "1"]

1. f4 d5 2. Nf3 g6 3. c3 Bg7 4. d3 c5 5. Qc2 Nc6 6. e4 Nf6 7. e5 Nh5 8. Be2 Bh6 9. g3 Bh3 10. Nbd2 0-0 11. Bf1 Qd7 12. Nb3 b6 13. Be3 a5 14. Bxh3 Qxh3 15. 0-0-0 a4 16. Nbd2 d4 17. Bf2 a3 18. b3 dxc3 19. Qxc3 Nb4 20. Kb1 Rfd8 21. Ne1 Qg4 22. Ndf3 Nd5 23. Qc2 Qd7 24. h3 Rac8 0-1

[Event "ZN-2010-0-00992"]
[Site "LSS email"]
[Date "2010.04.14"]
[Round "?"]
[White "Albesa, Lautaro"]
[Black "Yangibayev, N."]
[Result "1-0"]
[WhiteElo "848"]
[BlackElo "941"]
[PlyCount "41"]
[EventDate "2010.04.11"]
[EventType "match (corr)"]
[EventRounds "2"]
[EventCountry "GER"]
[SourceTitle "Corr 2022"]
[Source "ChessBase"]
[SourceDate "2021.10.24"]
[SourceVersion "1"]
[SourceVersionDate "2021.10.24"]
[SourceQuality "1"]

1. e4 c6 2. d4 d5 3. e5 Bf5 4. f4 e6 5. Nf3 Nd7 6. Bd3 Bxd3 7. Qxd3 c5 8. 0-0 cxd4 9. Nxd4 Bc5 10. c3 Ne7 11. Be3 0-0 12. Nd2 a6 13. Rfc1 Rc8 14. N2b3 Ba7 15. a4 Nb6 16. g4 Nc4 17. Rc2 Qb6 18. Nd2 Nxb2 19. Qe2 Nc4 20. Nxc4 Rxc4 21. Nf5 1-0

[Event "LSS SN-2010-0-00237"]
[Site "LSS email"]
[Date "2010.04.07"]
[Round "?"]
[White "Pavuk, Jan"]
[Black "Albesa, Lautaro"]
[Result "0-1"]
[WhiteElo "499"]
[BlackElo "967"]
[PlyCount "26"]
[EventDate "2010.03.23"]
[EventType "tourn (corr)"]
[EventRounds "6"]
[EventCountry "GER"]
[SourceTitle "Corr 2015"]
[Source "ChessBase"]
[SourceDate "2015.07.17"]
[SourceVersion "1"]
[SourceVersionDate "2015.07.17"]
[SourceQuality "1"]

1. e4 c5 2. e5 Nc6 3. Nf3 d6 4. exd6 Qxd6 5. d3 Nf6 6. b3 g6 7. Bb2 Bg7 8. h3 0-0 9. Be2 Nd5 10. Bxg7 Kxg7 11. c4 Nf4 12. g3 Nxe2 13. Qxe2 Qf6 0-1

[Event "LSS SN-2009-0-00169"]
[Site "LSS email"]
[Date "2009.07.18"]
[Round "?"]
[White "Losev, Vyacheslav"]
[Black "Albesa, Lautaro"]
[Result "1-0"]
[WhiteElo "725"]
[BlackElo "967"]
[PlyCount "25"]
[EventDate "2009.07.01"]
[EventType "tourn (corr)"]
[EventRounds "6"]
[EventCountry "GER"]
[SourceTitle "Corr 2015"]
[Source "ChessBase"]
[SourceDate "2015.07.17"]
[SourceVersion "1"]
[SourceVersionDate "2015.07.17"]
[SourceQuality "1"]

1. e4 c6 2. Nf3 d5 3. exd5 cxd5 4. d4 Nf6 5. Nc3 Nc6 6. Bb5 Bg4 7. h3 Bh5 8. 0-0 e6 9. Bg5 Be7 10. Qd3 0-0 11. Ne5 Nd7 12. Bxe7 Nxe7 13. Nxd7 1-0

[Event "LSS SN-2009-0-00169"]
[Site "LSS email"]
[Date "2009.07.17"]
[Round "?"]
[White "Albesa, Lautaro"]
[Black "Heyboer, Peter J"]
[Result "0-1"]
[WhiteElo "967"]
[BlackElo "752"]
[PlyCount "20"]
[EventDate "2009.07.01"]
[EventType "tourn (corr)"]
[EventRounds "6"]
[EventCountry "GER"]
[SourceTitle "Corr 2015"]
[Source "ChessBase"]
[SourceDate "2015.07.17"]
[SourceVersion "1"]
[SourceVersionDate "2015.07.17"]
[SourceQuality "1"]

1. e4 g6 2. d4 Bg7 3. Be3 d6 4. f4 Nf6 5. Nc3 e5 6. dxe5 Ng4 7. Bd2 dxe5 8. Nf3 Nc6 9. Bb5 Bd7 10. Qe2 0-0 0-1

[Event "LSS SN-2009-0-00169"]
[Site "LSS email"]
[Date "2009.07.17"]
[Round "?"]
[White "Molina, Vicente Andres"]
[Black "Albesa, Lautaro"]
[Result "1-0"]
[WhiteElo "814"]
[BlackElo "967"]
[PlyCount "23"]
[EventDate "2009.07.01"]
[EventType "tourn (corr)"]
[EventRounds "6"]
[EventCountry "GER"]
[SourceTitle "Corr 2015"]
[Source "ChessBase"]
[SourceDate "2015.07.17"]
[SourceVersion "1"]
[SourceVersionDate "2015.07.17"]
[SourceQuality "1"]

1. c4 Nf6 2. Nc3 e5 3. Nf3 Nc6 4. g3 d5 5. cxd5 Nxd5 6. Bg2 Nb6 7. 0-0 Be7 8. d3 0-0 9. h3 Be6 10. Kh2 f5 11. a3 Qe8 12. b4 1-0

[Event "LSS BI-2009-P-00011"]
[Site "LSS email"]
[Date "2009.04.19"]
[Round "?"]
[White "Albesa, Lautaro"]
[Black "Rodes, Sergio"]
[Result "0-1"]
[WhiteElo "780"]
[BlackElo "1968"]
[PlyCount "44"]
[EventDate "2009.04.20"]
[EventType "tourn (corr)"]
[EventRounds "10"]
[EventCountry "GER"]
[SourceTitle "Corr 2011"]
[Source "ChessBase"]
[SourceDate "2010.08.31"]
[SourceVersion "1"]
[SourceVersionDate "2010.08.31"]
[SourceQuality "1"]

1. e4 c5 2. Nf3 Nc6 3. d4 cxd4 4. Nxd4 g6 5. c4 Bg7 6. Be3 Nf6 7. Nc3 0-0 8. Be2 d6 9. 0-0 Bd7 10. Qd2 Nxd4 11. Bxd4 Bc6 12. f3 Nd7 13. Be3 a5 14. Rac1 Nc5 15. Rfe1 Qb6 16. Rc2 Qa7 17. Nd5 b6 18. b3 Rac8 19. Rcc1 e6 20. Nxb6 Rcd8 21. Na4 Bxa4 22. bxa4 Qc7 0-1

[Event "LSS BI-2009-P-00011"]
[Site "LSS email"]
[Date "2009.04.19"]
[Round "?"]
[White "Albesa, Lautaro"]
[Black "Traczewski, Wojciech"]
[Result "0-1"]
[WhiteElo "780"]
[BlackElo "1674"]
[PlyCount "62"]
[EventDate "2009.04.20"]
[EventType "tourn (corr)"]
[EventRounds "10"]
[EventCountry "GER"]
[SourceTitle "Corr 2011"]
[Source "ChessBase"]
[SourceDate "2010.08.31"]
[SourceVersion "1"]
[SourceVersionDate "2010.08.31"]
[SourceQuality "1"]

1. e4 d5 2. exd5 Qxd5 3. Nc3 Qa5 4. d4 Nf6 5. Nf3 Bg4 6. h3 Bh5 7. g4 Bg6 8. Ne5 e6 9. Bg2 c6 10. Bd2 Qb6 11. Na4 Qxd4 12. Nxg6 hxg6 13. Nc3 Bc5 14. 0-0 Nbd7 15. g5 Nd5 16. Nxd5 cxd5 17. Bc3 Qxd1 18. Raxd1 Rh7 19. Rfe1 Kd8 20. Rd3 Rc8 21. Rf3 Ke7 22. Rd3 Kd6 23. Rf3 Rf8 24. a4 Kc6 25. h4 Kd6 26. b4 Bb6 27. a5 Bd8 28. b5 Rxh4 29. Bxg7 Rg8 30. Bb2 Bxa5 31. Ra1 Bb6 0-1